[Event "Hoogovens op"]
[Site "Wijk aan Zee"]
[Date "1995.??.??"]
[Round "8"]
[White "Romero Holmes, Alfonso"]
[Black "Schwartzman, Gabriel"]
[Result "0-1"]
[WhiteElo "2455"]
[BlackElo "2495"]

1.e4 e6 2.d4 d5 3.Nc3 Nf6 4.e5 Nfd7 5.f4 c5 6.Nf3 Nc6 7.Be3 a6 8.Qd2 b5 9.dxc5 Bxc5
10.Bxc5 Nxc5 11.Qf2 Qb6 12.Bd3 b4 13.Ne2 a5 14.O-O Rb8 15.Kh1 Nxd3 16.cxd3 Qxf2
17.Rxf2 Ba6 18.Rd1 Ke7 19.Ned4 Nxd4 20.Nxd4 Rhc8 21.g3 g6 22.Kg2 Rc7 23.Kf3 Rbc8
24.Ke3 h5 25.h3 a4 26.g4 hxg4 27.hxg4 Rh8 28.Rf3 f6 29.exf6+ Kxf6 30.g5+ Kf7
31.Rf2 Rh3+ 32.Nf3 Ke7 33.Kd4 Kd6 34.Ne5 b3 35.axb3 axb3 36.Rdd2 Rb7 37.Nxg6 Rb4+
38.Kc3 Kc5 39.Rd1 d4+ 40.Kd2 Rxd3+ 41.Ke1 Re3+ 42.Kd2 Rc4 43.Rc1 Rxc1 44.Kxc1 Re1+
45.Kd2 Rb1 46.Rf3 Rxb2+ 47.Ke1 Re2+ 48.Kd1 d3 49.Ne5 Rxe5  0-1

[Event "Oberliga Wuert9495"]
[Site "Wuerttemberg"]
[Date "1995.??.??"]
[Round "?"]
[White "Pieper, Thomas"]
[Black "Schnepp, Gunnar"]
[Result "0-1"]
[WhiteElo "2225"]
[BlackElo "2305"]

1.e4 e6 2.d4 d5 3.Nc3 Nf6 4.e5 Nfd7 5.f4 c5 6.Nf3 Nc6 7.Be3 cxd4 8.Nxd4 Bc5
9.Qd2 O-O 10.O-O-O a6 11.h4 Bxd4 12.Bxd4 b5 13.Bf2 Qa5 14.Kb1 b4 15.Ne2 Nc5
16.Bxc5 Qxc5 17.h5 Bd7 18.Rh3 Rfc8 19.Rg3 a5 20.f5 exf5 21.Qh6 g6 22.hxg6 fxg6
23.Rh3 Qe7 24.Nf4 Qg7 25.Nxd5 Nxe5 26.Qxg7+ Kxg7 27.Nb6 Bc6 28.Nxa8 Rxa8
29.Re3 Be4 30.Bd3 Nxd3 31.cxd3 Bxg2 32.Re7+ Kf6 33.Rxh7 f4 34.Rh2 Bd5 35.Rc2 g5
36.Rg1 Rh8 37.Rc5 Rh1 38.Rgc1 Rxc1+ 39.Kxc1 Bg2 40.Kd2 g4 41.d4 g3 42.Rxa5 f3
43.Ra8 f2 44.Rf8+ Ke7 45.Rf4 f1=Q 46.Rxf1 Bxf1 47.Ke3 Kd6 48.a3 b3 49.a4 Kd5  0-1

[Event "Zadar op"]
[Site "Zadar"]
[Date "1995.??.??"]
[Round "?"]
[White "Rogulj, Branko"]
[Black "Dizdar, Goran"]
[Result "1-0"]
[WhiteElo "2425"]
[BlackElo "2510"]

1.e4 e6 2.d4 d5 3.Nc3 Nf6 4.e5 Nfd7 5.f4 c5 6.Nf3 Nc6 7.Be3 a6 8.Qd2 cxd4
9.Nxd4 Bc5 10.O-O-O O-O 11.h4 Nxd4 12.Bxd4 b5 13.Rh3 Bb7 14.h5 Bxd4 15.Qxd4 f6
16.exf6 Qxf6 17.Ne2 Qxd4 18.Nxd4 Rae8 19.Re3 Rxf4 20.Rxe6 Rxe6 21.Nxe6 Rf5
22.Be2 Re5 23.Nf4 Nf6 24.Rd4 Bc6 25.Bf3 Kf7 26.b3 Ke7 27.c4 bxc4 28.bxc4 Kd6
29.cxd5 Be8 30.Rb4 Nxh5 31.Nd3 Rg5 32.Rb6+ Kc7 33.Re6 Bd7 34.Nc5 Nf4 35.Rxa6 Nxd5
36.Ne4 Re5 37.Ra7+ Kd8 38.Nd6 Be6 39.Rxg7 Nb4 40.a3 Rc5+ 41.Kd1 Bb3+ 42.Kd2 Rc2+
43.Ke3 Nd5+ 44.Kd4 Nf4 45.Ke5 Ng6+ 46.Kf6 Nf8 47.Nb7+ Kc8 48.Na5 Nd7+ 49.Rxd7 Kxd7
50.Nxb3 Ra2 51.Nc5+ Kd6 52.Ne4+ Kc7 53.Kg7 h5 54.Kg6 h4 55.Kg5 h3 56.gxh3 Rxa3
57.Bg4 Kd8 58.Kf6 Ke8 59.Ng5 Kf8 60.Be6 Ra7 61.Bf7  1-0

[Event "Zadar op (Women)"]
[Site "Zadar"]
[Date "1995.??.??"]
[Round "?"]
[White "Stanic, Jadranka"]
[Black "Hagarova, Zuzana"]
[Result "0-1"]
[WhiteElo "2095"]
[BlackElo "2230"]

1.e4 e6 2.d4 d5 3.Nc3 Nf6 4.e5 Nfd7 5.f4 c5 6.Nf3 Nc6 7.Be3 a6 8.Bd3 b5 9.dxc5 Bxc5
10.Bxc5 Nxc5 11.O-O Qb6 12.Kh1 b4 13.Ne2 a5 14.Qe1 Ba6 15.Bxa6 Rxa6 16.Nd2 O-O
17.Qh4 Ra7 18.Rf3 Ne7 19.Rh3 h6 20.Qg4 Kh8 21.Ng3 Rc7 22.Nh5 Ng6 23.Rf1 Nd7
24.Nf3 Rxc2 25.Nh4 Rf2 26.Rg1 Qa7 27.Nxg6+ fxg6 28.Qxg6 Nc5 29.Nf6 Rxf6 30.exf6 Rxf4
31.fxg7+ Qxg7 32.Rxh6+ Kg8 33.Qh5 Rf5 34.Qh4 Nd3 35.h3 Nf2+ 36.Kh2 Ne4 37.Qg4 Qxg4
38.hxg4 Rf7 39.Re1 Nf6 40.Kh3 Kg7 41.g5 Ne4 42.Rxe4 dxe4 43.Rxe6 Rf2 44.Rxe4 Rxb2
45.g3 Rxa2 46.Re7+ Kg6 47.Kg4 b3 48.Re6+ Kf7 49.Rb6 Ra4+ 50.Kf5 Rb4 51.Rf6+ Ke7
52.Re6+ Kd7 53.Re1 b2 54.Rb1 a4 55.Kf6 a3 56.g6 a2 57.Rd1+ Kc7 58.g7 a1=Q
59.Kg5  0-1

[Event "EU-ch U18 Girls"]
[Site "Zagan"]
[Date "1995.??.??"]
[Round "2"]
[White "Abishova, Anna"]
[Black "Zielinska, Marta"]
[Result "0-1"]
[WhiteElo "2035"]
[BlackElo "2250"]

1.e4 e6 2.d4 d5 3.Nc3 Nf6 4.e5 Nfd7 5.f4 c5 6.Nf3 Nc6 7.Be3 a6 8.Be2 b5 9.O-O Qb6
10.Kh1 cxd4 11.Nxd4 Bc5 12.Nxc6 Bxe3 13.Nb4 O-O 14.Nd3 Bb7 15.Bf3 Rac8 16.Qe2 Bd4
17.Nd1 b4 18.a3 a5 19.axb4 axb4 20.Ra4 Ba6 21.Qd2 Nc5 22.Rxb4 Qa5 23.Qe1 Nxd3
24.cxd3 Bc5 25.Rb3 Qa4 26.Rc3 Bb4 27.Qg3 Bxc3 28.Nxc3 Qd4 29.Be2 Rb8 30.Nd1 Rb3
31.f5 exf5 32.Ne3 Bc8 33.Rxf5 Rxb2 34.Bf1 Rb1 35.Rf2 Qxd3  0-1

[Event "EU-ch U18"]
[Site "Zagan"]
[Date "1995.??.??"]
[Round "4"]
[White "Rowson, Jonathan"]
[Black "Stojanovic, Mihajlo"]
[Result "1-0"]
[WhiteElo "2400"]
[BlackElo "2390"]

1.e4 e6 2.d4 d5 3.Nc3 Nf6 4.e5 Nfd7 5.f4 c5 6.Nf3 Nc6 7.Be3 a6 8.Qd2 b5 9.dxc5 Bxc5
10.Bxc5 Nxc5 11.Qf2 Qb6 12.Bd3 b4 13.Ne2 a5 14.O-O Ba6 15.Rfd1 O-O 16.Ned4 f6
17.Nxe6 Bxd3 18.cxd3 Nxe5 19.Nxc5 Nxf3+ 20.gxf3 Qd6 21.d4 Rfe8 22.Qd2 h5
23.Re1 h4 24.f5  1-0

[Event "EU-ch U18"]
[Site "Zagan"]
[Date "1995.??.??"]
[Round "5"]
[White "Tonning, Erik"]
[Black "Shaplyko, Andrej"]
[Result "0-1"]
[WhiteElo "2200"]
[BlackElo "2385"]

1.e4 e6 2.d4 d5 3.Nc3 Nf6 4.e5 Nfd7 5.f4 c5 6.Nf3 Nc6 7.Be3 a6 8.Qd2 cxd4
9.Nxd4 Bc5 10.O-O-O O-O 11.Kb1 Bxd4 12.Bxd4 b5 13.Qf2 b4 14.Ne2 a5 15.Bc5 Nxc5
16.Qxc5 Qd7 17.c4 bxc3 18.Nxc3 Ba6 19.Ne4 Nb4 20.Bxa6 Qa4 21.Nc3 Qc2+ 22.Ka1 Rxa6
23.Rhf1 Qf5 24.g4 Qxg4 25.a3 Qf5 26.Na4 Qc2 27.Qb5 Raa8 28.Rd4 Rfb8 29.Nb6 Qg2
30.Rdd1 Ra6 31.Rc1 g6 32.axb4 Raxb6 33.Qa4 Rxb4 34.f5 Qxb2+  0-1

[Event "EU-ch U16"]
[Site "Zagan"]
[Date "1995.??.??"]
[Round "7"]
[White "Simacek, Pavel"]
[Black "Williams, Simon"]
[Result "1-0"]
[WhiteElo "2210"]
[BlackElo "2250"]

1.e4 e6 2.d4 d5 3.Nc3 Nf6 4.e5 Nfd7 5.f4 c5 6.Nf3 Nc6 7.Be3 cxd4 8.Nxd4 Qb6
9.Qd2 Qxb2 10.Rb1 Qa3 11.Bb5 Nxd4 12.Bxd4 Bb4 13.Rb3 Qa5 14.O-O O-O 15.Qe3 f5
16.exf6 Nxf6 17.f5 exf5 18.Bxf6 Rxf6 19.Nxd5 Re6 20.Qd3 Bc5+ 21.Kh1 Re1 22.Bc4 Be6
23.Rb5 Rxf1+ 24.Qxf1 Qa3 25.Nc7 Bxc4 26.Qxc4+ Kh8 27.Qxc5 Rd8 28.Nd5 Qc1+
29.Qg1 Qxc2 30.Ne3 Qxa2 31.Rxf5 a6 32.Qf1 Qa3 33.Nc4 Qb4 34.Ne5 Re8 35.h3 b5
36.Qd3 h6 37.Kh2 Qa5 38.Rf7 Qb6 39.Qg3 Rg8 40.Ng6+ Kh7 41.Ne7 Qe6 42.Qd3+  1-0

[Event "Zalakaros op"]
[Site "Zalakaros"]
[Date "1995.??.??"]
[Round "3"]
[White "Videki, Sandor"]
[Black "Sulyok, Sandor"]
[Result "1-0"]
[WhiteElo "2455"]
[BlackElo "2255"]

1.e4 e6 2.d4 d5 3.Nc3 Nf6 4.e5 Nfd7 5.f4 c5 6.Nf3 Nc6 7.Be3 a6 8.Qd2 b5 9.Bd3 Qb6
10.dxc5 Bxc5 11.Bxc5 Nxc5 12.Qf2 Rb8 13.O-O Na4 14.Nxa4 bxa4 15.b3 Ke7 16.Rfb1 a3
17.Kf1 Qxf2+ 18.Kxf2 a5 19.c3 Bd7 20.Re1 g6 21.Rac1 Rhc8 22.Ke3 Rc7 23.Kd2 Kd8
24.Ng5 Ke7 25.g3 h5 26.Nf3 Kd8 27.h3 Na7 28.Nd4 Bb5 29.Bxg6 fxg6 30.Nxe6+ Kd7
31.Nxc7 Kxc7 32.g4 Rf8 33.c4 dxc4 34.Ke3 Nc8 35.Red1 Nb6 36.bxc4 Bd7 37.Rd6 hxg4
38.hxg4 Rg8 39.c5 Nc8 40.e6 Nxd6 41.cxd6+ Kxd6 42.exd7 Kxd7 43.Rc3 g5 44.Rxa3 Re8+
45.Kf3 Rf8 46.Ra4 Kd6 47.Rd4+ Kc5 48.Re4 gxf4 49.Rxf4 Rb8 50.g5 Rb1 51.g6  1-0

[Event "GRE-chT"]
[Site "Athens"]
[Date "1996.??.??"]
[Round "2"]
[White "Darmarakis, Mihail"]
[Black "Stojanovic, Mihajlo"]
[Result "0-1"]
[WhiteElo "2110"]
[BlackElo "2465"]

1.e4 e6 2.d4 d5 3.Nc3 Nf6 4.e5 Nfd7 5.f4 c5 6.Nf3 Nc6 7.Be3 a6 8.Qd2 b5 9.Ne2 b4
10.Ng3 Qb6 11.Be2 a5 12.O-O Ba6 13.Bxa6 Rxa6 14.Kh1 cxd4 15.Nxd4 Bc5 16.Rad1 Nxd4
17.Bxd4 Bxd4 18.Qxd4 Qxd4 19.Rxd4 Ke7 20.f5 Nxe5 21.fxe6 fxe6 22.Re1 Nc4
23.Rxd5 Nxb2 24.Rg5 g6 25.Rc5 Rd8 26.Ne4 Ra7 27.Rc6 Rd1 28.Rxd1 Nxd1 29.Nc5 Nc3
30.Rxe6+ Kf7 31.Re1 Nxa2 32.Ra1 Rc7 33.Rxa2 Rxc5 34.Kg1 Ke6 35.Kf2 Kd5  0-1

[Event "GRE-ch"]
[Site "Athens"]
[Date "1996.??.??"]
[Round "8"]
[White "Vouldis, Angelos"]
[Black "Haritakis, Theodoros"]
[Result "0-1"]
[WhiteElo "2435"]
[BlackElo "2320"]

1.e4 e6 2.d4 d5 3.Nc3 Nf6 4.e5 Nfd7 5.f4 c5 6.Nf3 Nc6 7.Be3 cxd4 8.Nxd4 Bc5
9.Qd2 O-O 10.O-O-O a6 11.Nce2 Qe7 12.g3 Nb6 13.Bg1 Nc4 14.Qc3 Bb4 15.Qd3 Bd7
16.a3 Bc5 17.Kb1 Rfc8 18.Nf3 Bxa3 19.bxa3 Nxa3+ 20.Kb2 Na5  0-1

[Event "AUT-chT2W 9596"]
[Site "Austria"]
[Date "1996.??.??"]
[Round "?"]
[White "Feistenauer, Fred"]
[Black "Hinteregger, Arthur"]
[Result "1-0"]
[WhiteElo "2300"]
[BlackElo "2240"]

1.Nc3 e6 2.d4 d5 3.e4 Nf6 4.e5 Nfd7 5.f4 c5 6.Nf3 Nc6 7.Be3 Qb6 8.Qd2 c4
9.Be2 Bb4 10.O-O g6 11.Bf2 Ne7 12.a3 Ba5 13.Qc1 Qc6 14.Nd1 b5 15.g4 h5 16.h3 hxg4
17.hxg4 Bd8 18.Ne3 Nb6 19.Kg2 c3 20.b3 a5 21.Rh1 Rf8 22.Qf1 Bd7 23.Ng5 a4
24.Nh7 Ng8 25.Nxf8 Kxf8 26.Rh8 f5 27.Qh1  1-0

[Event "AUT-chT9697"]
[Site "Austria"]
[Date "1996.??.??"]
[Round "6"]
[White "Brod, Manfred"]
[Black "Spindelboeck, Gernot"]
[Result "1/2-1/2"]
[WhiteElo "2245"]
[BlackElo "2260"]

1.e4 e6 2.d4 d5 3.Nc3 Nf6 4.e5 Nfd7 5.f4 c5 6.Nf3 Nc6 7.Be3 a6 8.Qd2 b5 9.Ne2 Bb7
10.g3 Be7 11.Bh3 O-O 12.O-O Kh8 13.Kh1 Qc7 14.c3 cxd4 15.Nexd4 Nc5 16.Nxc6 Ne4
17.Qe2 Bxc6 18.Nd4 Bb7 19.Qg4 g6 20.Qe2 Qc4 21.Bg2 Qxe2 22.Nxe2 h5 23.Bd4 Rac8
24.b4 Bc6 25.Rfd1 Kg7 26.h3 Rh8 27.Kh2 Ra8 28.a3 a5 29.Bb6 axb4 30.axb4 Rhb8
31.Ba7 Rb7 32.Bd4 Rbb8 33.Ba7 Rc8 34.Ra3 Be8 35.Rda1 Kf8 36.Bd4 Bc6 37.Ra7 Rxa7
38.Rxa7 Ke8 39.Nc1 Bd7 40.Ne2 Kd8 41.h4 Ke8 42.Bh3 Kd8 43.Kg2 Ke8 44.Ra2 Bc6
45.Kf3 Ra8 46.Rxa8+ Bxa8 47.Ke3 Kd7 48.Bg2 f5 49.exf6 Nxf6 50.Kd3 Bc6 51.Be5 Ke8
52.Bh3 Bd7 53.Bg2 Kf7 54.Bf3 Ne8 55.Nd4 Nd6 56.Ne2  1/2-1/2

[Event "AUT-chT9596"]
[Site "?"]
[Date "1996.??.??"]
[Round "?"]
[White "Schlosser, Michael"]
[Black "Stoppel, Franz"]
[Result "1/2-1/2"]
[WhiteElo "2380"]
[BlackElo "2215"]

1.e4 e6 2.d4 d5 3.Nc3 Nf6 4.e5 Nfd7 5.f4 c5 6.Nf3 Nc6 7.Be3 a6 8.Qd2 cxd4
9.Nxd4 Bc5 10.O-O-O Nxd4 11.Bxd4 Bxd4 12.Qxd4 Qb6 13.h4 Qxd4 14.Rxd4 Nb8
15.Na4 Nc6 16.Rd2 b5 17.Nb6 Rb8 18.Nxc8 Rxc8 19.a4 bxa4 20.Bxa6 Rb8 21.Rh3 Rb6
22.Bf1 O-O 23.Ra3 Rfb8 24.Rxa4 Rxb2 25.Ra1 h5 26.Bd3 g6 27.g3 Kg7 28.Rg2 Kh6
29.Kd2 Nb4 30.Ra3 Nxd3 31.Kxd3 R2b4 32.Ra7 R8b7 33.Rxb7 Rxb7 34.Rg1 Kg7 35.Ra1  1/2-1/2

[Event "AUT-chT2S 9596"]
[Site "AUT"]
[Date "1996.??.??"]
[Round "?"]
[White "Steiner, Bruno"]
[Black "Kastner, Walter"]
[Result "0-1"]
[WhiteElo "2200"]
[BlackElo "2300"]

1.e4 e6 2.d4 d5 3.Nc3 Nf6 4.e5 Nfd7 5.f4 c5 6.Nf3 Nc6 7.Be3 cxd4 8.Nxd4 Qb6
9.a3 Bc5 10.Na4 Qa5+ 11.b4 Qxa4 12.Bb5 Bxb4+ 13.Kf2 Qa5 14.axb4 Qc7 15.Bxc6 bxc6
16.Nb3 O-O 17.Nc5 Nb6 18.h4 Nc4 19.Rh3 f6 20.Kg1 fxe5 21.fxe5 Qxe5 22.Bd4 Qc7
23.Na6 Bxa6 24.Rxa6 Qb7 25.Qa1 e5 26.Bc5 Rf7 27.h5 h6 28.Rg3 Nd2 29.Rg6 Rf1+
30.Qxf1 Nxf1 31.Raxc6 Ng3 32.Rce6 Nxh5 33.Re7 Qxe7 34.Bxe7 Kf7 35.Rd6 Kxe7
36.Rxd5 Ke6 37.Ra5 Rc8 38.Rxa7 Rxc2 39.g4 Nf4 40.Rxg7 Rg2+ 41.Kh1 h5 42.g5 Rb2
43.Rb7 Kf5 44.b5 Kg4 45.g6 Kg3  0-1

[Event "Balatonalm di op"]
[Site "Balaton"]
[Date "1996.??.??"]
[Round "3"]
[White "Weteschnik, Martin"]
[Black "Szollosi, Laszlo Sr"]
[Result "1/2-1/2"]
[WhiteElo "2020"]
[BlackElo "2255"]

1.e4 e6 2.d4 d5 3.Nc3 Nf6 4.e5 Nfd7 5.f4 c5 6.Nf3 Nc6 7.Be3 a6 8.a3 b5 9.dxc5 Bxc5
10.Bxc5 Nxc5 11.Qd2 Qb6 12.Qf2 b4 13.axb4 Qxb4 14.Bb5 Bd7 15.Bxc6 Bxc6 16.O-O Ne4
17.Nxe4 dxe4 18.c3 Qb7 19.Nd4 Bb5 20.Rfe1 O-O 21.Re3 Rac8 22.Rae1 Bd3 23.f5 exf5
24.Nxf5 Rc6 25.Nd6 Qb6 26.Nxe4 Bxe4 27.Rxe4 Rb8 28.Rd4 g6 29.Rd2 a5 30.Rf1  1/2-1/2

[Event "Balatonalm di op"]
[Site "Balaton"]
[Date "1996.??.??"]
[Round "8"]
[White "Kersten, Uwe"]
[Black "Szollosi, Laszlo Sr"]
[Result "1/2-1/2"]
[WhiteElo "2285"]
[BlackElo "2255"]

1.e4 e6 2.d4 d5 3.Nc3 Nf6 4.e5 Nfd7 5.f4 c5 6.Nf3 Nc6 7.Be3 a6 8.Qd2 b5 9.dxc5 Bxc5
10.Bxc5 Nxc5 11.Nd4 Qb6 12.Nxc6 Qxc6 13.Qd4 Rb8 14.Bd3 b4 15.Ne2 a5 16.O-O Ba6
17.Rac1 Qb6 18.Qe3 Na4 19.Qxb6 Rxb6 20.Bxa6 Rxa6 21.b3 Nc3 22.Nxc3 bxc3 23.Rf3 Rc6
24.Rd1 Kd7 25.Rg3 g6 26.Rd4 Rb8 27.Ra4 Rc5 28.Rd3 Rb4 29.Rd4 Rxa4 30.Rxa4 Rb5
31.g3 Kc6 32.Kf2 Kb6 33.Ke3 Rb4 34.Kd3 Kb5 35.Kxc3 Rxa4 36.bxa4+ Kxa4 37.Kb2 Kb4
38.c3+ Kc4 39.Kc2  1/2-1/2

[Event "Barcelona op"]
[Site "Barcelona"]
[Date "1996.??.??"]
[Round "?"]
[White "De la Riva Aguado, Oscar"]
[Black "Comas Fabrego, Luis"]
[Result "0-1"]
[WhiteElo "2470"]
[BlackElo "2470"]

1.e4 e6 2.d4 d5 3.Nc3 Nf6 4.e5 Nfd7 5.f4 c5 6.Nf3 Nc6 7.Be3 cxd4 8.Nxd4 Bc5
9.Qd2 O-O 10.O-O-O a6 11.h4 Nxd4 12.Bxd4 b5 13.Rh3 b4 14.Na4 Bxd4 15.Qxd4 a5
16.Bb5 Qc7 17.Kb1 Rb8 18.c4 Nb6 19.c5 Nxa4 20.Bxa4 Ba6 21.Rc1 Rfc8 22.Bd1 Qa7
23.f5 exf5 24.Qxd5 Rd8 25.Qb3 Rbc8 26.c6 Qe7 27.Re3 f4 28.Re1 Bb5 29.e6 Rxc6
30.exf7+ Qxf7 31.Re7 Bd3+ 32.Qxd3 Rxc1+ 33.Kxc1 Rxd3  0-1

[Event "Barcelona"]
[Site "Barcelona"]
[Date "1996.??.??"]
[Round "10"]
[White "De la Riva Aguado, Oscar"]
[Black "Rahal, Michael"]
[Result "0-1"]
[WhiteElo "2470"]
[BlackElo "2340"]

1.e4 e6 2.d4 d5 3.Nc3 Nf6 4.e5 Nfd7 5.f4 c5 6.Nf3 Nc6 7.Be3 a6 8.Qd2 b5 9.dxc5 Bxc5
10.Bxc5 Nxc5 11.Qf2 Qe7 12.Bd3 b4 13.Ne2 a5 14.O-O Ba6 15.Rad1 Nxd3 16.cxd3 O-O
17.Qe3 Qa7 18.Ned4 Nxd4 19.Nxd4 a4 20.f5 exf5 21.Rxf5 a3 22.b3 Rac8 23.Kh1 Rfe8
24.Rdf1 f6 25.e6 Rc3 26.Rd1 Qc5 27.h4 Bc8 28.Rf3 Bxe6 29.Nxe6 Qd6 30.Re1 Rc6
31.Nd4 Rxe3 32.Rfxe3 Rc7 33.Nb5 Qd7 34.Nxc7 Qxc7 35.Re8+ Kf7 36.h5 g6 37.h6 g5
38.d4 Qf4 39.R1e7+ Kg6 40.Re3 g4 41.Rg8+ Kf5 42.Re1 g3  0-1

[Event "Regionalliga SW9596"]
[Site "Bayern"]
[Date "1996.??.??"]
[Round "?"]
[White "Moebus, Martin"]
[Black "Englert, Berthold Georg"]
[Result "0-1"]
[WhiteElo "2105"]
[BlackElo "2080"]

1.e4 e6 2.d4 d5 3.Nc3 Nf6 4.e5 Nfd7 5.f4 c5 6.Nf3 Nc6 7.Be3 cxd4 8.Nxd4 Bc5
9.Qd2 O-O 10.O-O-O a6 11.Qf2 Bxd4 12.Bxd4 b5 13.Bd3 b4 14.Ne2 a5 15.g4 Ba6
16.g5 Bxd3 17.Rxd3 Nxd4 18.Nxd4 Qb6 19.Rh3 Rfc8 20.Rd1 Rc4 21.f5 exf5 22.Qxf5 Rxd4
23.Qxh7+ Kf8 24.Rf1 Ke7 25.Rxf7+ Kxf7 26.Rf3+ Ke7 27.Qxg7+ Kd8 28.Qg8+ Kc7
29.Qxa8 Re4 30.Qxd5 Qg1+  0-1

[Event "Regionalliga SW9596"]
[Site "Bayern"]
[Date "1996.??.??"]
[Round "?"]
[White "Gergen, Harald"]
[Black "Baeurle, Stefan"]
[Result "1-0"]
[WhiteElo "1955"]
[BlackElo "1995"]

1.e4 e6 2.d4 d5 3.Nc3 Nf6 4.e5 Nfd7 5.f4 c5 6.Nf3 Nc6 7.Be3 a6 8.Qd2 b5 9.Ne2 f6
10.c3 fxe5 11.Nxe5 Ndxe5 12.fxe5 cxd4 13.cxd4 Bb4 14.Nc3 O-O 15.O-O-O Na5
16.Bd3 Nc4 17.Qe2 Nxe3 18.Qxe3 Bxc3 19.bxc3 Qa5 20.Kb1 b4 21.Rhf1 Bd7 22.c4 b3
23.Qd2 Rxf1 24.Bxf1 Qa4 25.c5 Rb8 26.Ka1 Be8 27.Qb2 Rb4 28.a3 Rb8 29.Bd3 Bb5
30.Bxb5 Qxb5 31.Kb1 a5 32.Qc3 Qe2 33.Qd2 Qe4+ 34.Kb2 a4 35.Re1 Qh4 36.h3 Rf8
37.Qe3 Rf2+ 38.Kb1 Rxg2 39.c6 Rc2 40.Rc1 Qd8 41.Rxc2 bxc2+ 42.Kxc2 Qc8 43.Qc3 Qa6
44.c7 Qe2+ 45.Kb1 Qb5+ 46.Qb2 Qf1+ 47.Qc1  1-0

[Event "Regionalliga SO9697"]
[Site "Bayern"]
[Date "1996.??.??"]
[Round "?"]
[White "Guenther, Carsten"]
[Black "Riehl, Joerg"]
[Result "1/2-1/2"]
[WhiteElo "1915"]
[BlackElo "2030"]

1.e4 e6 2.d4 d5 3.Nc3 Nf6 4.e5 Nfd7 5.f4 c5 6.Nf3 a6 7.Be3 b5 8.a3 Nc6 9.Qd2 g6
10.Be2 Be7 11.O-O cxd4 12.Nxd4 Ndb8 13.Nb3 Bd7 14.Kh1 Na5 15.Nxa5 Qxa5 16.Bf3 Nc6
17.Qf2 Qc7 18.Bc5 Rc8 19.Ne2 h5 20.c3 h4 21.Rfd1 Bxc5 22.Qxc5 Ne7 23.Qxc7 Rxc7
24.Nd4 Nf5 25.Nxf5 gxf5 26.Rd4 Ke7 27.Kg1 Rb8 28.Kf2 a5 29.Rad1 b4 30.cxb4 axb4
31.axb4 Rc2+ 32.R1d2 Rxd2+ 33.Rxd2 Rxb4 34.g3 f6 35.exf6+ Kxf6 36.Bg2 Bb5
37.Ke3 Rb3+ 38.Kf2 hxg3+ 39.hxg3 Bd3 40.Bf3 Be4 41.Bd1 Rb8  1/2-1/2

[Event "Oberliga Bayern9596"]
[Site "Bayern"]
[Date "1996.??.??"]
[Round "?"]
[White "Molineus, Stefan"]
[Black "Thanner, Hans Peter"]
[Result "1/2-1/2"]
[WhiteElo "2210"]
[BlackElo "2100"]

1.e4 e6 2.d4 d5 3.Nc3 Nf6 4.e5 Nfd7 5.f4 c5 6.Nf3 Nc6 7.Be3 cxd4 8.Nxd4 Bc5
9.Qd2 O-O 10.Be2 a6 11.a3 Bxd4 12.Bxd4 Nxd4 13.Qxd4 Qb6 14.Qxb6 Nxb6 15.Bd3 Bd7
16.Ne2 Na4 17.b3 Nc5 18.b4 Na4 19.Nd4 Rfc8 20.Kd2 Nb2 21.Rab1 Nc4+ 22.Bxc4 Rxc4
23.c3 Rac8 24.Rbc1 g6 25.Rhf1 b6 26.Rf3 h5 27.Rd3 R4c7 28.Re3 Kg7 29.h4 Ra7  1/2-1/2

[Event "Beersheba"]
[Site "Beersheba"]
[Date "1996.??.??"]
[Round "2"]
[White "Vydeslaver, Alik"]
[Black "Mikhalevski, Alexander"]
[Result "1/2-1/2"]
[WhiteElo "2480"]
[BlackElo "2435"]

1.e4 e6 2.d4 d5 3.Nc3 Nf6 4.e5 Nfd7 5.f4 c5 6.Nf3 Nc6 7.Be3 cxd4 8.Nxd4 Qb6
9.Qd2 Qxb2 10.Rb1 Qa3 11.Bb5 Nxd4 12.Bxd4 Bb4 13.O-O a6 14.Bxd7+ Bxd7 15.Rb3 Qa5
16.Qe3 Rc8 17.f5 exf5 18.Rfb1 Rc4 19.Ne2 O-O 20.c3 Bc5 21.Rxb7 Bxd4 22.Nxd4 Rxc3
23.Qd2 Bc8 24.Nb3 Qd8 25.Rxf7 Rxf7 26.Qxc3 Rc7 27.Qd3 Rc4 28.Rd1 Qb6+ 29.Kh1 Be6
30.Nd4 f4 31.h3 Ra4 32.a3 Bd7 33.Ne2 Qe6 34.Qxd5 Qxd5 35.Rxd5 Bc6 36.Rd4 f3
37.gxf3 Rxa3 38.Rd8+ Kf7 39.Nd4 Bxf3+ 40.Kh2 Ke7 41.Rg8 Kf7 42.Rc8 Bd5 43.e6+ Bxe6
44.Rc7+ Kf6 45.Nxe6 Kxe6 46.Rxg7 h5 47.Rg5 h4 48.Rg4 Ra2+ 49.Kg1 a5 50.Rxh4 Re2
51.Ra4 Re5 52.Kf2 Kd6 53.Kf3 Kc6 54.Kf4 Rb5 55.h4  1/2-1/2

[Event "Belgrade Yugometal (Women)"]
[Site "Belgrade"]
[Date "1996.??.??"]
[Round "5"]
[White "Skripchenko, Almira"]
[Black "Matveeva, Svetlana"]
[Result "1-0"]
[WhiteElo "2370"]
[BlackElo "2470"]

1.e4 e6 2.d4 d5 3.Nc3 Nf6 4.e5 Nfd7 5.f4 c5 6.Nf3 Qb6 7.Be3 a6 8.Na4 Qa5+
9.c3 cxd4 10.b4 Qc7 11.Qxd4 Nc6 12.Qd2 b5 13.Nb2 f6 14.a4 Rb8 15.axb5 axb5
16.Nd4 Nxd4 17.Bxd4 fxe5 18.fxe5 Be7 19.Ra7 Qc6 20.Qf4 Bd8 21.Bd3 Bb6 22.Ra3 Rf8
23.Qd2 h6 24.Rf1 Rxf1+ 25.Kxf1 Ke7 26.Ke2 Bb7 27.Bg6 Rf8 28.Nd3 Kd8 29.Qe3 Kc7
30.Bxb6+ Qxb6 31.Qd4 Qc6 32.g3 Ra8 33.Rxa8 Bxa8 34.Be8 Qa6 35.Ke3 Nb6 36.Qc5+ Kb8
37.Bxb5 Qa7 38.Kd4 Bb7 39.Qd6+ Ka8 40.Nc5  1-0

[Event "Berliner Sommer"]
[Site "Berlin"]
[Date "1996.??.??"]
[Round "6"]
[White "Minasian, Artashes"]
[Black "Broberg, Horst"]
[Result "1-0"]
[WhiteElo "2540"]
[BlackElo "2215"]

1.e4 e6 2.d4 d5 3.Nc3 Nf6 4.e5 Nfd7 5.Nce2 c5 6.c3 Nc6 7.f4 cxd4 8.cxd4 Qb6
9.Nf3 Be7 10.g3 f6 11.Bh3 O-O 12.Nc3 fxe5 13.Bxe6+ Kh8 14.Nxd5 Bb4+ 15.Bd2 Bxd2+
16.Qxd2 Nxd4 17.Nxb6 Nxf3+ 18.Ke2 Nxd2 19.Nxa8 Ne4 20.Rac1 exf4 21.gxf4 b6
22.Rxc8 Rxc8  1-0

[Event "Berliner Sommer"]
[Site "Berlin"]
[Date "1996.??.??"]
[Round "8"]
[White "Von Herman, Ulf"]
[Black "Brauer, Christian"]
[Result "1-0"]
[WhiteElo "2390"]
[BlackElo "2170"]

1.d4 e6 2.e4 d5 3.Nc3 Nf6 4.e5 Nfd7 5.f4 c5 6.Nf3 Nc6 7.Be3 a6 8.Qd2 b5 9.Be2 b4
10.Nd1 a5 11.O-O g6 12.Nf2 h5 13.Nh3 Ba6 14.Nhg5 Be7 15.Bxa6 Rxa6 16.Nxe6 fxe6
17.Qd3 Qa8 18.Qxg6+ Kd8 19.dxc5 Nf8 20.Qd3 Nd7 21.Qg6 Nf8 22.Qg7 Rh7 23.Qg8 Kd7
24.f5 Qa7 25.Kh1 Bxc5 26.Bxc5 Qxc5 27.Ng5 Re7 28.Qxf8 exf5 29.Qxf5+  1-0

[Event "Biel Credis"]
[Site "Biel"]
[Date "1996.??.??"]
[Round "4"]
[White "Gallagher, Joseph G"]
[Black "Kelecevic, Nedeljko"]
[Result "1/2-1/2"]
[WhiteElo "2530"]
[BlackElo "2475"]

1.e4 e6 2.d4 d5 3.Nc3 Nf6 4.e5 Nfd7 5.f4 c5 6.Nf3 Nc6 7.Be3 cxd4 8.Nxd4 Bc5
9.Qd2 Bxd4 10.Bxd4 Nxd4 11.Qxd4 Qb6 12.Qxb6 Nxb6 13.Nb5 Ke7 14.h4 h5 15.Rh3 Bd7
16.Nd4 g6 17.b3 a6 18.Rc3 Rhc8 19.Kd2 Rxc3 20.Kxc3 Nc8 21.a4 Na7 22.a5 Rc8+
23.Kd2 Nc6 24.Nf3 Na7 25.g3 Bb5 26.Bg2 Nc6 27.c3 Rc7 28.Ne1 Rc8 29.Nc2 Rd8
30.Nd4 Nxd4 31.cxd4 Kd7 32.Bf3 b6 33.axb6 Kc6 34.g4 hxg4 35.Bxg4 Rg8 36.h5 gxh5
37.Bxh5 Rg7 38.Bf3 Rg3 39.Ke3 Bd3 40.Kf2 Rh3 41.Kg2 Rh8 42.f5 Bxf5 43.Rxa6 Rh4
44.Ra4  1/2-1/2

[Event "Biel Credis"]
[Site "Biel"]
[Date "1996.??.??"]
[Round "7"]
[White "Rogers, Ian"]
[Black "Kelecevic, Nedeljko"]
[Result "1/2-1/2"]
[WhiteElo "2575"]
[BlackElo "2475"]

1.e4 e6 2.d4 d5 3.Nc3 Nf6 4.e5 Nfd7 5.Nf3 b6 6.Bg5 Be7 7.h4 h6 8.Bxe7 Qxe7
9.h5 c6 10.Rh3 Ba6 11.Rg3 Rg8 12.Bd3 Bxd3 13.Qxd3 Nf8 14.O-O-O Nbd7 15.Kb1 O-O-O
16.Nh4 Kb7 17.f4 f5 18.exf6 Qxf6 19.Ne2 Qf7 20.Nf3 Nf6 21.Ne5 Qe8 22.Rh3 Ne4
23.Qe3 Nd7 24.g4 Nxe5 25.dxe5 c5 26.Re1 Qc6 27.Ng1 b5 28.Nf3  1/2-1/2

[Event "Bled op"]
[Site "Bled"]
[Date "1996.??.??"]
[Round "6"]
[White "Bozanic, Ivica"]
[Black "Samovojska, Damir"]
[Result "0-1"]
[WhiteElo "2240"]
[BlackElo "2350"]

1.e4 e6 2.d4 d5 3.Nc3 Nf6 4.e5 Ne4 5.Nce2 f6 6.f3 Ng5 7.h4 Nf7 8.f4 c5 9.Nf3 Nc6
10.c3 Qb6 11.g3 Bd7 12.Bh3 O-O-O 13.a3 cxd4 14.cxd4 Be7 15.Kf1 Na5 16.Kg2 Kb8
17.b4 Nc4 18.Nc3 f5 19.Qd3 g6 20.Bd2 h6 21.Rhb1 Rdg8 22.a4 g5 23.hxg5 hxg5
24.a5 Qd8 25.fxg5 Bxg5 26.Bxg5 Nxg5 27.Rh1 Ne4 28.Ne2 Bb5 29.Qb1 Ne3+  0-1

[Event "Bled op"]
[Site "Bled"]
[Date "1996.??.??"]
[Round "8"]
[White "Armanda, Ivica"]
[Black "Zugaj, Fjodor"]
[Result "1-0"]
[WhiteElo "2235"]
[BlackElo "2180"]

1.e4 e6 2.d4 d5 3.Nc3 Nf6 4.e5 Nfd7 5.f4 c5 6.Nf3 Nc6 7.Bd3 Be7 8.O-O cxd4
9.Ne2 Nc5 10.Nexd4 f6 11.Kh1 O-O 12.Be3 Nxd3 13.cxd3 Nxd4 14.Bxd4 Bd7 15.Rc1 Qa5
16.Qb3 b5 17.Bc5 Bxc5 18.Rxc5 Rac8 19.Rxc8 Rxc8 20.a3 Qa4 21.Qxa4 bxa4 22.Nd4 Kf7
23.h3 a6 24.Kh2 Ke7 25.Kg3 Bb5 26.Rd1 Be8 27.Kf3 fxe5 28.fxe5 Rb8 29.Rd2 Kd7
30.Rc2 Rb6 31.Ke3 Kd8 32.g4 Bd7 33.h4 Be8 34.g5 Kd7 35.Ne2 Rb3 36.Nf4 Rb7
37.h5 Rb3 38.h6 gxh6 39.gxh6 Rb7 40.Rg2 Bf7 41.Rg7 Ke7 42.Rxh7 Rxb2 43.Ng6+ Ke8
44.Rxf7  1-0